000 00383nam a22001217a 4500
003 SGT
082 _a301.2
_bS69S
100 _aसुमन, श्री रामनाथ
245 _aसमाज सुधार : समस्याए और समाधान
260 _bगाँधी साहित्य प्रकाशन
_c1969
300 _a978
942 _2ddc
_cBK
999 _c29521
_d29521